Media and mediation / (Record no. 136733)
[ view plain ]
| 000 -LEADER | |
|---|---|
| fixed length control field | 00747nam a22002297a 4500 |
| 010 ## - LIBRARY OF CONGRESS CONTROL NUMBER | |
| LC control number | B-167009 |
| 020 ## - INTERNATIONAL STANDARD BOOK NUMBER | |
| International Standard Book Number | 0761934286 |
| Terms of availability | 750.00 |
| 035 ## - SYSTEM CONTROL NUMBER | |
| System control number | B-167009 |
| 037 ## - SOURCE OF ACQUISITION | |
| Source of stock number/acquisition | Cen Lib / Ret |
| 040 ## - CATALOGING SOURCE | |
| Original cataloging agency | DPL |
| Language of cataloging | EN |
| 082 ## - DEWEY DECIMAL CLASSIFICATION NUMBER | |
| Classification number | 324.04 |
| Item number | MED |
| 245 ## - TITLE STATEMENT | |
| Title | Media and mediation / |
| Statement of responsibility, etc | edited by Bernard Bel.. [et. all] |
| 260 ## - PUBLICATION, DISTRIBUTION, ETC. (IMPRINT) | |
| Place of publication, distribution, etc | New Delhi |
| Name of publisher, distributor, etc | Sage Publications |
| Date of publication, distribution, etc | 2005 |
| 270 ## - ADDRESS | |
| Address | B-42, Panchsheel Enclave |
| City | New Delhi |
| Postal code | 110017 |
| 300 ## - PHYSICAL DESCRIPTION | |
| Extent | 474p ; |
| Other physical details | 24cm(Hb) |
| 490 ## - SERIES STATEMENT | |
| Series statement | Communication processes |
| Volume number/sequential designation | v. 1 |
| 650 ## - SUBJECT ADDED ENTRY--TOPICAL TERM | |
| Topical term or geographic name as entry element | Communication -- Political aspects -- India. |
| 650 ## - SUBJECT ADDED ENTRY--TOPICAL TERM | |
| Topical term or geographic name as entry element | India -- Politics and government. |
| 650 ## - SUBJECT ADDED ENTRY--TOPICAL TERM | |
| Topical term or geographic name as entry element | Communication -- Aspect politique -- Inde. |
| 700 ## - ADDED ENTRY--PERSONAL NAME | |
| Personal name | Bel, Bernard |
| 942 ## - ADDED ENTRY ELEMENTS (KOHA) | |
| Source of classification or shelving scheme | Dewey Decimal Classification |
| Koha item type | English Books |
| Classification part | 324.04 |
| Call number suffix | MED |
| Withdrawn status | Lost status | Source of classification or shelving scheme | Materials specified (bound volume or other part) | Damaged status | Not for loan | Home library | Current library | Date acquired | Source of acquisition | Cost, normal purchase price | Total Checkouts | Total Renewals | Full call number | Barcode | Date last seen | Date checked out | Cost, replacement price | Price effective from | Koha item type |
|---|---|---|---|---|---|---|---|---|---|---|---|---|---|---|---|---|---|---|---|
| Dewey Decimal Classification | v 1 | Central Library | Central Library | 08/03/2016 | Cen Lib/Ret | 750.00 | 3 | 3 | 324.04 MED | B-167009 | 21/12/2024 | 26/10/2024 | 750.00 | 08/03/2016 | English Books |
